| 000 -LEADER |
| fixed length control field |
00532pab a2200181 454500 |
| 008 - FIXED-LENGTH DATA ELEMENTS--GENERAL INFORMATION |
| fixed length control field |
180718b2015 xxu||||| |||| 00| 0 eng d |
| 100 ## - MAIN ENTRY--PERSONAL NAME |
| Personal name |
Kyriacou, Andreas P. |
| 245 ## - TITLE STATEMENT |
| Title |
Regional inequalities and the electoral success of regional parties: evidence from the OECD |
| 260 ## - PUBLICATION, DISTRIBUTION, ETC. |
| Date of publication, distribution, etc. |
2015 |
| 300 ## - PHYSICAL DESCRIPTION |
| Extent |
p.3-23. |
| 362 ## - DATES OF PUBLICATION AND/OR SEQUENTIAL DESIGNATION |
| Dates of publication and/or sequential designation |
Winter |
| 650 ## - SUBJECT ADDED ENTRY--TOPICAL TERM |
| Topical term or geographic name entry element |
Elections |
| 650 ## - SUBJECT ADDED ENTRY--TOPICAL TERM |
| Topical term or geographic name entry element |
Political parties |
| 650 ## - SUBJECT ADDED ENTRY--TOPICAL TERM |
| Topical term or geographic name entry element |
Income distribution |
| 700 ## - ADDED ENTRY--PERSONAL NAME |
| Personal name |
Morral- Palacin, Noemi |
| 773 ## - HOST ITEM ENTRY |
| Main entry heading |
Publius: the Journal of Federalism |
| 909 ## - |
| -- |
108534 |